Frank the monster / (Record no. 1947)

MARC details
000 -LEADER
fixed length control field 02505cam a22005058i 4500
001 - CONTROL NUMBER
control field 1947
003 - CONTROL NUMBER IDENTIFIER
control field OCoLC
005 - DATE AND TIME OF LATEST TRANSACTION
control field 20260413162235.0
007 - PHYSICAL DESCRIPTION FIXED FIELD--GENERAL INFORMATION
fixed length control field ta
008 - FIXED-LENGTH DATA ELEMENTS--GENERAL INFORMATION
fixed length control field 250723s2026 mnua b 000 1 eng
010 ## - LIBRARY OF CONGRESS CONTROL NUMBER
LC control number 2025028472
040 ## - CATALOGING SOURCE
Original cataloging agency DLC
Language of cataloging eng
Description conventions rda
Transcribing agency DLC
Modifying agency BDX
-- OCLCO
-- CHILD
-- OQX
-- OCLCO
-- SDD
-- JNE
-- JBI
-- VPW
020 ## - INTERNATIONAL STANDARD BOOK NUMBER
International Standard Book Number 9798348027285
Qualifying information (hardcover) :
Terms of availability $19.00
035 ## - SYSTEM CONTROL NUMBER
System control number (OCoLC)1529939288
041 1# - LANGUAGE CODE
Language code of text/sound track or separate title eng
Language code of original swe
042 ## - AUTHENTICATION CODE
Authentication code pcc
050 00 - LIBRARY OF CONGRESS CALL NUMBER
Classification number PZ7.E386
Item number Fr 2026
082 14 - DEWEY DECIMAL CLASSIFICATION NUMBER
Classification number [Fic]
Edition information 23
092 ## - LOCALLY ASSIGNED DEWEY CALL NUMBER (OCLC)
Classification number J Fic
Item number Strandberg
049 ## - LOCAL HOLDINGS (OCLC)
Holding library VPW1
100 1# - MAIN ENTRY--PERSONAL NAME
Personal name Strandberg, Mats,
Dates associated with a name 1976-
Relator term author.
Relationship aut
-- http://id.loc.gov/vocabulary/relators/aut
Real World Object URI https://id.oclc.org/worldcat/entity/E39PBJhxkCkJGfj9tMcJbJhbVC
-- http://id.loc.gov/rwo/agents/no2013045501
245 10 - TITLE STATEMENT
Title Frank the monster /
Statement of responsibility, etc. Mats Strandberg ; illustrated by Sofia Falkenhem ; [translation by] Julia Marshall.
263 ## - PROJECTED PUBLICATION DATE
Projected publication date 2604
264 #1 - PRODUCTION, PUBLICATION, DISTRIBUTION, MANUFACTURE, AND COPYRIGHT NOTICE
Place of production, publication, distribution, manufacture Minneapolis, MN :
Name of producer, publisher, distributor, manufacturer Gecko Press,
Date of production, publication, distribution, manufacture, or copyright notice 2026.
300 ## - PHYSICAL DESCRIPTION
Extent 107 pages :
Other physical details illustrations (some color) ;
Dimensions 22 cm
334 ## - MODE OF ISSUANCE
Mode of issuance term single unit
Mode of issuance code mono
Authority record control number or standard number http://id.loc.gov/vocabulary/issuance/mono
336 ## - CONTENT TYPE
Content type term text
Content type code txt
Source rdacontent
Authority record control number or standard number http://id.loc.gov/vocabulary/contentTypes/txt
337 ## - MEDIA TYPE
Media type term unmediated
Media type code n
Source rdamedia
Authority record control number or standard number http://id.loc.gov/vocabulary/mediaTypes/n
338 ## - CARRIER TYPE
Carrier type term volume
Carrier type code nc
Source rdacarrier
Authority record control number or standard number http://id.loc.gov/vocabulary/carriers/nc
385 ## - AUDIENCE CHARACTERISTICS
Demographic group term Age group
Demographic group code age
Audience term Children
Source lcdgt
Authority record control number or standard number http://id.loc.gov/authorities/demographicTerms/dg2015060010
500 ## - GENERAL NOTE
General note Original title: Monstret i natten.
520 ## - SUMMARY, ETC.
Summary, etc. Nine-year-old Frank's ordinary life takes a terrifying turn when he shapeshifts into a werewolf, but he soon discovers he is not alone.
521 ## - TARGET AUDIENCE NOTE
Target audience note Ages 6-10
Source Gecko Press.
521 ## - TARGET AUDIENCE NOTE
Target audience note Grades 2-3
Source Gecko Press.
546 ## - LANGUAGE NOTE
Language note In English, translated from the Swedish.
650 #0 - SUBJECT ADDED ENTRY--TOPICAL TERM
Topical term or geographic name entry element City and town life
Form subdivision Juvenile fiction.
650 #0 - SUBJECT ADDED ENTRY--TOPICAL TERM
Topical term or geographic name entry element Families
Form subdivision Juvenile fiction.
650 #0 - SUBJECT ADDED ENTRY--TOPICAL TERM
Topical term or geographic name entry element Monsters
Form subdivision Juvenile fiction.
650 #0 - SUBJECT ADDED ENTRY--TOPICAL TERM
Topical term or geographic name entry element Shapeshifting
Form subdivision Juvenile fiction.
655 #7 - INDEX TERM--GENRE/FORM
Genre/form data or focus term Monster fiction.
Source of term lcgft
700 1# - ADDED ENTRY--PERSONAL NAME
Personal name Falkenhem, Sofia,
Dates associated with a name 1982-
Relator term illustrator.
Relationship http://id.loc.gov/vocabulary/relators/ill
Real World Object URI http://id.loc.gov/rwo/agents/n2025028905
700 1# - ADDED ENTRY--PERSONAL NAME
Personal name Marshall, Julia,
Dates associated with a name 1954-
Relator term translator.
Relationship http://id.loc.gov/vocabulary/relators/trl
Real World Object URI https://id.oclc.org/worldcat/entity/E39PCjtvbyKKvJ8jt6bMCpJftq
-- http://id.loc.gov/rwo/agents/no2006099253
730 0# - ADDED ENTRY--UNIFORM TITLE
Uniform title Monstret i natten.
Language of a work English
Real World Object URI http://id.loc.gov/resources/hubs/1555556d-46b0-1c44-996e-297f27d06059
910 ## - USER-OPTION DATA (OCLC)
User-option data n26/4 cr

No items available.